| 000 | 00817nam a2200253 i 4500 | ||
|---|---|---|---|
| 001 | 18176 | ||
| 003 | ES-MaACL | ||
| 005 | 20240521101944.0 | ||
| 007 | t| | ||
| 008 | 011003s1951 ag ||||1| spa d | ||
| 080 | _a929 Quevedo y Villegas, Francisco de | ||
| 080 | _a821.134.2 Quevedo y Villegas, Francisco de 1.06 | ||
| 100 | 1 |
_aBouvier, René. _931089 |
|
| 245 | 1 | 0 |
_aQuevedo hombre del diablo hombre de Dios / _cRene Bouvier. |
| 250 | _a2ª ed. | ||
| 260 |
_aBuenos Aires : _bLosada, _c1951. |
||
| 300 |
_a198 p. ; _c23 cm. |
||
| 490 | 1 | _aBiografías históricas y novelescas | |
| 500 | _aBiblioteca Juan Andrade. | ||
| 600 | 1 | 4 |
_aQuevedo, Francisco de, _d1580-1645 _994591 |
| 830 | 0 |
_aBiografías históricas y novelescas _9180395 |
|
| 852 |
_aES-MaACL _jAND-105 _bR.109430 |
||
| 999 |
_c18176 _d18176 |
||